000 00547nam a2200229 a 4500
001 nice12345678
003 IN_TiNIC
005 20260116013945.0
008 070620s1972 newa grp 000 0 eng
020 _a
_c28
082 0 0 _a922.97
_bMUJ1
100 _aMujeeb, M
245 _aZakir Husain
260 _aNew Delhi
_bNational Book Trust, India
_c1972
300 _a248p
500 _aincludes index and biblioraphy
650 _aZakir Hussain-Biography
700 1 _aMujeeb, M
902 _bSRS
942 _cBK
999 _c13255
_d13255